ՀՀ Գիտությունների ազգային ակադեմիայի հիմնարար գիտական գրադարան  =   Fundamental Scientific Library of NAS RA

Промышленное применение электронно-лучевого нагрева за рубежом / (Record no. 507879)

MARC details
000 -LEADER
fixed length control field 01533nam a2200229 a 4500
001 - CONTROL NUMBER
control field 1636075
003 - CONTROL NUMBER IDENTIFIER
control field AM-YEHGA
005 - DATE AND TIME OF LATEST TRANSACTION
control field 20250617163522.0
008 - FIXED-LENGTH DATA ELEMENTS--GENERAL INFORMATION
fixed length control field 190806s1961 ru fd||fr|||||000|||rus||
040 ## - CATALOGING SOURCE
Original cataloging agency AM-YeHGA
041 0# - LANGUAGE CODE
Language code of text/sound track or separate title rus
090 ## - LOCALLY ASSIGNED LC-TYPE CALL NUMBER (OCLC); LOCAL CALL NUMBER (RLIN)
-- 511310
100 1# - MAIN ENTRY--PERSONAL NAME
Personal name Ткачев, Л.Г.
245 10 - TITLE STATEMENT
Title Промышленное применение электронно-лучевого нагрева за рубежом /
Statement of responsibility, etc. Л.Г. Ткачев, П.Б. Яковлев ; Государственный комитет совета министров СССР по координации научно-исследовательских работ ; Центральный институт научно-технической информации электротехнической промышленности и приборостроения.
260 ## - PUBLICATION, DISTRIBUTION, ETC.
Place of publication, distribution, etc. Москва :
Name of publisher, distributor, etc. Б.и.,
Date of publication, distribution, etc. 1961.
300 ## - PHYSICAL DESCRIPTION
Extent 36 с. :
Other physical details черт., табл. ;
Dimensions 21 см.
650 14 - SUBJECT ADDED ENTRY--TOPICAL TERM
Topical term or geographic name entry element Нагрев металлов, электронно-лучевой
General subdivision Иностранный опыт
700 1# - ADDED ENTRY--PERSONAL NAME
Personal name Яковлев, П.Б.
710 2# - ADDED ENTRY--CORPORATE NAME
Corporate name or jurisdiction name as entry element Государственный комитет совета министров СССР по координации научно-исследовательских работ
710 2# - ADDED ENTRY--CORPORATE NAME
Corporate name or jurisdiction name as entry element Центральный институт научно-технической информации электротехнической промышленности и приборостроения
942 ## - ADDED ENTRY ELEMENTS (KOHA)
Source of classification or shelving scheme Universal Decimal Classification
Koha item type Գրքեր / Books
Holdings
Withdrawn status Lost status Damaged status Not for loan Collection Home library Current library Date acquired Total checkouts Full call number Barcode Date last seen Price effective from Koha item type Public note
        General Fundamental Scientific Library Fundamental Scientific Library 11/05/2021   РII/50651 FL0646024 11/05/2021 11/05/2021 Գրքեր / Books 30 Days Loan


ՀՀ ԳԱԱ հիմնարար գիտական գրադարան
ՀՀ,Երևան 0019
Մարշալ Բաղրամյան 24/6
հեռախոս:(374-10) 52-47-50
Հետադարձ կապ

All site content, except where otherwise noted, is licensed under a
Creative Commons License